Program development in continuing education

Αποθηκεύτηκε σε:
Λεπτομέρειες βιβλιογραφικής εγγραφής
Κύριος συγγραφέας: Goody, Alan E.
Άλλοι συγγραφείς: Kozoll, Charles E.
Μορφή: Βιβλίο
Γλώσσα:English
Δημοσίευση: Malabar, Florida : Krieger, 1995
Σειρά:Professional practices in adult education and human resource development
Θέματα:
Ετικέτες: Προσθήκη ετικέτας
Δεν υπάρχουν, Καταχωρήστε ετικέτα πρώτοι!

MARC

LEADER 00000nam a2200000 i 4500
001 1/95548
008 991207s1995 eng d
020 |a 0-89464-852-7 
035 |l 10055363 
040 |a GR-MY-UA  |b gre  |e aacr 
041 0 |a eng 
082 0 |a 374.973 
100 1 |a Goody, Alan E. 
245 1 0 |a Program development in continuing education /  |c Allan E. Goody, Charles E. Kozoll 
260 |a Malabar, Florida :   |b Krieger,   |c 1995 
300 |a 144 p. 
490 1 |a Professional practices in adult education and human resource development 
650 0 0 |a Continuing education  |z United States  |x Planning. 
650 0 0 |a Continuing education  |z United States  |x Administration. 
700 1 |a Kozoll, Charles E. 
830 0 |a Professional practices in adult education and human resource development 
852 |a INST  |b RHODES  |e 19991207  |h 374.973 GOO  |p 005400012507  |q 005400012507  |t BK  |y 0 
901 |a BIBL4-1999-3 
909 |a Ρ  |b 069211 
922 |a 4ΕΛΗ  |b 199909  |c ΚΠΣ/154  |d GLORY BOOKS 
970 |a ΚΟΥΛΑΚΙΟΤΗ  |b ΛΙΤΣΑ  |z 1999/12/07